00473nam a22001577a 450000500170000001000140001702000110003103500130004203700130005508200080006810000240007624501000010026000360020027000580023630000210029420100811152253.0 aENG-99718 c120.00 aEN-83250 bDBAD/PUB a804 aDesai, Venkat Reddy aThree critical essays and a few vachanas of Basavana and Akka Mahadevi /cby Venkat Reddy Desai aKarnataka, HublibChintanc2009 a50/51, Shirur Park Phase-II, ViyanagarbHublie580021 a124p.c19cm (Hb)